|
|
|
|
| LEADER |
00000nam0a2200000 4500 |
| 001 |
359394 |
| 005 |
20231102011203.0 |
| 035 |
|
|
|a (RuTPU)RU\TPU\retro\16673
|
| 090 |
|
|
|a 359394
|
| 100 |
|
|
|a 20201015d1976 m y0rusy50 ca
|
| 101 |
1 |
|
|a rus
|c pol
|
| 102 |
|
|
|a RU
|
| 105 |
|
|
|a c z 001ay
|
| 200 |
1 |
|
|a Валтасаров пир. Лабиринт
|e романы
|e пер. с пол.
|f Т. Бреза
|g авт. предисл. С. Ларин
|
| 210 |
|
|
|a Москва
|c Художественная литература
|d 1976
|
| 215 |
|
|
|a 615 с.
|c портр.
|
| 225 |
1 |
|
|a Библиотека польской литературы
|
| 320 |
|
|
|a Вступительная статья: с. 5-20
|
| 606 |
1 |
|
|a Польская литература
|2 stltpush
|3 (RuTPU)RU\TPU\subj\50785
|9 69434
|
| 610 |
1 |
|
|a художественная литература
|
| 610 |
1 |
|
|a польская литература
|
| 610 |
1 |
|
|a романы
|
| 610 |
1 |
|
|a Ватикан
|
| 675 |
|
|
|a 884
|v 4
|
| 700 |
|
1 |
|a Бреза
|b Т.
|g Тадеуш
|4 070
|
| 702 |
|
1 |
|a Ларин
|b С.
|4 080
|
| 801 |
|
1 |
|a RU
|b 63413507
|c 20201015
|
| 801 |
|
2 |
|a RU
|b 63413507
|c 20210603
|g RCR
|
| 942 |
|
|
|c BK
|